1540 1185 1133 1984 1912 1559 1418 1583 1270 1551 1476 1848 1304 1871 1128 1296 1778 1551 1517 1438 1196 1492 1159 1404 1244 1247 1430 1288 1508 1475 1031 1304 1252 1720 1389 1196 1155 1199 1764 1743 1558 1729 1085 1724 1174 1229 1969 1015 1389 1991 1894 1363 1876 1363 1166 1646 1096 1714 1391 1776 1636 1772 1539 1826 1523 1705 1002 1465 1631 1517 1935 1523 1538 1213 1675 1494 1995 1915 1052 1460 1557 1992 1234 1438 1285 1664 1117 1251 1423 1584 1454 1408 1343 1981 1063 1972 1607 1180 1420 BCNSPRNW ULIB Ver.6.0+V

เปลี่ยนเป็นภาษาไทย

Change to English
 แสดงรายละเอียดบรรณานุกรม
  กลับหน้าหลัก

Brief Record : Get Marc (ISO 2709) : E-mail record : QR code < ปิดหน้าต่าง
LEADER : 00000nam 2200000uu 4500
001    13399112122
003     ULIB
008    110727s2550||||th 000 0 tha d
020    9749931947
020    9789749931947
050  4 HA62^bช522ศ 2550
100 0  ชาย โพธิสิตา
245 10 ศาสตร์และศิลป์แห่งการวิจัยเชิงคุณภาพ /^cชาย โพธิสิตา
250    พิมพ์ครั้งที่ 3
260    นครปฐม :^bสถาบันวิจัยประชากรและสังคม มหาวิทยาลัยมหิดล,^c2550
300    (26), 454 หน้า :^bภาพประกอบ ;^c24 ซม.
650  4 สังคมศาสตร์^xวิจัย
650  4 วิจัย
710 2  มหาวิทยาลัยมหิดล. ^bสถาบันวิจัยประชากรและสังคม
945    ^p595^l0^i025632
945    ^p595^l0^i025633
945    ^p595^l0^i025634
945    ^p595^l0^i025635
945    ^p595^l0^i025636
995    ทศพร
999 ^a ทศพร
รายการนี้ยังไม่มีแท็ก
คุณยังไม่ได้ล็อกอิน คุณสามารถมีกิจกรรมร่วมกับเว็บไซต์ได้ แต่ต้องล็อกอินก่อน ::
  ล็อกอิน

รายการสื่อสารสนเทศ

ลำดับที่ ประเภท เลขเรียก/บาร์โค้ด สถานที่ สถานะ
- ไม่พบข้อมูล -

รายการใกล้เคียง
    ผู้แต่ง [ชาย โพธิสิตา]

    หัวเรื่อง [วิจัย]

BibComment


ยังไม่เคยถูกคอมเมนท์

คอมเมนท์ทรัพยากรรายการนี้
  คอมเมนท์: ศาสตร์และศิลป์แห่..


 Copyright 2026. Bcnsprnw @Library